Nato Alphabet - Statistiken

Allgemein
  • Dieses Quiz wurde 1.523 mal gespielt
  • Das Durchschnittsergebnis liegt bei 13 aus 26
Antwortstatistiken
Buchstabe Nato Sprache % Korrekt
A Alpha
99%
C Charlie
89%
D Delta
86%
B Bravo
79%
E Echo
71%
F Foxtrott
61%
H Hotel
61%
I India
60%
K Kilo
60%
L Lima
58%
G Golf
54%
J Juliett
44%
N November
44%
P Papa
44%
M Mike
42%
Q Quebec
42%
O Oscar
41%
T Tango
39%
S Sierra
38%
R Romeo
37%
X X-Ray
34%
Z Zulu
34%
U Uniform
33%
Y Yankee
30%
W Whiskey
28%
V Victor
24%
Keine übereinstimmenden Quizze gefunden
Verteilung der Resultate
Anzahl Personen mit jedem Resultat
Perzentil nach korrekt beantworteten Fragen
Ihre Resultats-Entwicklung
Sie haben dieses Quiz noch nicht gespielt